000 00277nam a2200109Ia 4500
008 230907s9999||||xx |||||||||||||| ||und||
082 _a621.31
_bSMA
245 0 _aSmart grids :
260 _aTaylor & Francis,
_bBoca Raton, FL :
_c2012
300 _axviii, 577 p. :
942 _cBK
999 _c597821
_d597821